书目信息 |
| 题名: |
费希特
|
|
| 作者: | 雅柯布斯 著 ;李秋零 , 田薇 译 | |
| 分册: | ||
| 出版信息: | 北京 中国社会科学出版社 1989.7 |
|
| 页数: | 228页 | |
| 开本: | 18cm | |
| 丛书名: | 外国著名思想家译丛 | |
| 单 册: | ||
| 中图分类: | B516.33 | |
| 科图分类: | ||
| 主题词: | 费希特,J.G.(1762~1814)--哲学 , 费希特,J.G.(1762~1814) | |
| 电子资源: | ||
| ISBN: | 7-5004-0422-0 | |
| 000 | 00850nam2 2200277 45 | |
| 001 | 0189028825 | |
| 005 | 20050530104849.9 | |
| 010 | @a7-5004-0422-0@dCNY1.95 | |
| 020 | @aCN@b89028825 | |
| 100 | @a19911017d1989 m y0chiy0120 ea | |
| 101 | 0 | @achi |
| 102 | @aCN@b110000 | |
| 105 | @ay z 000yy | |
| 200 | 10 | @a费希特@Afei xi te@f(联邦德国)威廉·格·雅柯布斯著@F(Lian Bang De Guo)Wei Lian·Ge·Ya Ke Bu Si Zhu@g李秋零,田薇译 |
| 210 | @a北京@c中国社会科学出版社@d1989.7 | |
| 215 | @a228页@d18cm | |
| 225 | 2 | @a外国著名思想家译丛 |
| 410 | 0 | @120010@a外国著名思想家译丛 |
| 606 | 0 | @a费希特,J.G.(1762~1814)@x哲学 |
| 606 | 0 | @a费希特,J.G.(1762~1814) |
| 690 | @aB516.33@v3 | |
| 701 | 0 | @a雅柯布斯@4著 |
| 702 | 0 | @a李秋零@ALi Qiu Ling@4译 |
| 702 | 0 | @a田薇@ATian Wei@4译 |
| 801 | 0 | @aCN@bNLC@c19911017 |
| 905 | @dB516.33@e48@f1@b227435 | |
| 费希特/(联邦德国)威廉·格·雅柯布斯著/李秋零,田薇译.-北京:中国社会科学出版社,1989.7 |
| 228页;18cm.-(外国著名思想家译丛) |
| ISBN 7-5004-0422-0:CNY1.95 |
| ● |
| 相关链接 |
|
|
|
|
正题名:费希特
索取号:B516.33/48
 
预约/预借
| 序号 | 登录号 | 条形码 | 馆藏地/架位号 | 状态 | 备注 |
| 1 | 0227434 | 000579822 | 第一借阅区/ [索取号:B516.33/48] | 在馆 | |
| 2 | 0227435 | 002041061 | 第一样本阅览室/ [索取号:B516.33/48] | 在馆 |